Дон Жуан (Запис номер 381125)
[ съкратено ]
| 000 -Лидер | |
|---|---|
| Контролно поле с фиксирана дължина | 01679nam a2200301 a 4500 |
| 003 - Код на организацията, давaща контролен номер | |
| Контролно поле | BLK |
| 005 - Дата и час на последна редакция | |
| Контролно поле | 20240722142350.0 |
| 008 - Елементи от данни с фиксирана дължина | |
| fixed length control field | 200811b bu |||||r|||| 00| | bu d |
| 020 ## - Международен стандартен номер на книга ISBN | |
| Международен стандартен номер на книга ISBN | 9789540912998 |
| 040 ## - Източник на каталожния запис | |
| Идентификатор на билиотеката - собственик на записа | BLK |
| 041 ## - Код за език | |
| Код за езика на текст/звукозапис или на отделно заглавие | Български |
| Код за езика КДБФ | Български |
| 080 ## - УДК | |
| Текстов определител УДК | Английска литература |
| УДК код - определител по УДК | 821.111 |
| УДК определител | -1 |
| УДК - код + определител | 821.111-1 |
| 100 ## - Редна дума - Автор | |
| R(LIN) | 273180 |
| Автор | Байрон, Джордж Гордън Ноуъл |
| Авторска отговорност | първи автор |
| 139 ## - Редно поле | |
| Редна дума | Байрон, Джордж Гордън Ноуъл |
| Авторски знак | Баи - Б 14 |
| 245 ## - Сведения за заглавието | |
| Заглавие | Дон Жуан |
| Редно поле (дума) | Джордж Байрон; прев. от англ. Любен Любенов; под ред. на Александър Шурбанов. |
| 250 ## - Област на изданието | |
| Сведения за изданието | 2. прераб. изд. |
| 260 ## - Област на издателските данни | |
| 9 (RLIN) | 209473 |
| Място на издаване, разпространение и проч. | София |
| Име на издателя, разпространителя и проч. | Захарий Стоянов |
| Година на издаване | 2019 |
| 300 ## - Физическа характеристика | |
| Страници | 716 с. |
| Размери/Мащаб | 21 см |
| 380 ## - Жанр | |
| Жанр | Худож. лит. |
| 490 ## - СЕРИИ (Колекции) | |
| 9 (RLIN) | 201301 |
| Име на серия | Поредица Шедьовър |
| 500 ## - Общи забележки | |
| Забележка | Ориг. загл., установено от доп. източник: Don Juan. - <br/>Любен Любенов - псевд. на прев. Любен Георгиев Прангов. - 1. изд. 1986 на изд. Нар. култура в сер. Библиотека Световна класика. - Непознатият Байрон / Симеон Хаджикосев: с. 5-27. |
| 700 ## - Други автори (авторска отговорност) | |
| 9 (RLIN) | 1021 |
| Лично име | Любенов, Любен |
| Автороска отговорност (Описва отношението между автора и произведението) | прев. от англ. |
| Пълна форма на името | Прангов, Любен Георгиев |
| 700 ## - Други автори (авторска отговорност) | |
| 9 (RLIN) | 1311 |
| Лично име | Шурбанов, Александър Владимиров |
| Автороска отговорност (Описва отношението между автора и произведението) | ред. |
| 700 1# - Други автори (авторска отговорност) | |
| 9 (RLIN) | 135586 |
| Лично име | Хаджикосев, Симеон Дончев |
| Автороска отговорност (Описва отношението между автора и произведението) | * |
| 999 ## - СИСТЕМНИ КОНТРОЛНИ НОМЕРА | |
| Koha biblionumber | 381125 |
| Koha biblioitemnumber | 381125 |
| 942 ## - АРТИКУЛИ | |
| Вид на библиотечния материал | Книги |
| Скрит в OPAC | Не |
| Периодичен библиозапис | Да |
| Koha issues (borrowed), all copies | 11 |
| 999 ## - СИСТЕМНИ КОНТРОЛНИ НОМЕРА | |
| Koha biblioitemnumber | 381125 |
| 944 ## - СЪЗДАВАНЕ И РЕДАКЦИЯ на ЗАПИСА | |
| Служител, извършил регистрацията/редакцията | 30575 |
| Статус, дата на статуса | Мартин Енчев |
| Код за отписване | Код за изгубен артикул | Източник на класификационната схема | Код за повреда | Коз за рестрикции | Код за отдаване | Артикулен № | Име на библиотеката - собственик | Име на библиотеката, в която се намира в момента | Статус (Текущо местоположение) | Дата на вписване в системата | Местоположение - отдел | Цена в лева | Систематично азбучна сигнатура | Баркод | Цена в евро | Служебен тип на артикула |
|---|---|---|---|---|---|---|---|---|---|---|---|---|---|---|---|---|
| Не е изгубен | Universal Decimal Classification | Не е повреден | само за читалня | ползва се в читалня | 798515 | Регионална библиотека "Любен Каравелов" Русе | Регионална библиотека "Любен Каравелов" Русе | Хранилище | 2020-09-14 | Хранилище | 30.00 | Цб 303272 | 120000845783 | 15.34 | Книги | |
| Не е изгубен | Universal Decimal Classification | Не е повреден | без рестрикции | заемане за дома | 798989 | Регионална библиотека "Любен Каравелов" Русе | Регионална библиотека "Любен Каравелов" Русе | Заемна - подръчен фонд | 2020-09-16 | Заемна - подръчен фонд | 20.99 | 821-1/Б15Д | 120000846356 | 10.73 | Книги |